| 000 | 01418pam a22004574a 4500 | ||
|---|---|---|---|
| 001 | data | ||
| 005 | 20260322212104.0 | ||
| 008 | data | ||
| 035 | _a15222291 | ||
| 906 |
_a7 _bcbc _cpccadap _d3 _encip _f20 _gy-gencatlg |
||
| 925 | 0 |
_aacquire _b1 shelf copy _xpolicy default |
|
| 010 | _a 2008272056 | ||
| 015 |
_aGBA799180 _2bnb |
||
| 016 | 7 |
_a101309710 _2DNLM |
|
| 016 | 7 |
_a014463799 _2Uk |
|
| 020 |
_a9780195550467 _qpbk. |
||
| 020 |
_a0195550463 _qpbk. |
||
| 035 | _a(OCoLC)183146683 | ||
| 040 |
_aNLM _cNLM _dDLC _dBTCTA _dDLC |
||
| 042 | _apcc | ||
| 050 | 0 | 0 |
_aRA425 _b.B28 2008 |
| 060 | 0 | 0 | _a2008 C-023 |
| 060 | 1 | 0 |
_aWA 100 _bB347n 2008 |
| 082 | 0 | 0 |
_a362.1 _222 |
| 100 | 1 | _aBaum, Frances. | |
| 245 | 1 | 4 |
_aThe new public health / _cFran Baum. |
| 250 | _a3rd ed. | ||
| 260 |
_aNew York : _aNew York : _bOxford University Press, _cc2008. |
||
| 300 |
_axxiv, 624 p. : _bill. _c25 cm. |
||
| 336 |
_atext _btxt _2rdacontent |
||
| 337 |
_aunmediated _bn _2rdamedia |
||
| 338 |
_avolume _bnc _2rdacarrier |
||
| 504 | _aIncludes bibliographical references (p. 597-667) and index. | ||
| 650 | 1 | 2 | _aPublic Health. |
| 650 | 2 | 2 | _aWorld Health. |
| 650 | 0 | _aPublic health. | |
| 650 | 0 |
_aPublic health _zAustralia. |
|
| 923 |
_aPurchase _d20080125 _n1543370 _sBennett |
||
| 999 |
_c1513 _d1513 |
||